| 000 | 00683nam a2200253Ia 4500 | ||
|---|---|---|---|
| 003 | OSt | ||
| 005 | 20221006144045.0 | ||
| 006 | a|||||r|||| 00| 0 | ||
| 007 | ta | ||
| 008 | 221006b |||||||| |||| 00| 0 eng d | ||
| 020 | _cP3.50 | ||
| 024 | _a10,756 | ||
| 037 | _cTextual | ||
| 040 |
_aEASL _cEASL _beng |
||
| 041 |
_2eng _aeng |
||
| 082 | _aW691-8.41.N34, L3 | ||
| 100 | _aLOTVEIT Trygve | ||
| 245 | 0 |
_aChinese communism 1931-1934 _b Experience in civil Government |
|
| 260 |
_aSweden _bStudent Literature _c1973 |
||
| 300 |
_a290p. _ccm. |
||
| 490 | _v CEL | ||
| 942 |
_hW691-8.41.N34, L3 _cTEXL _2CC |
||
| 999 |
_c1078842 _d1078842 |
||